Avances en Psicología Contemporánea /

Shranjeno v:
Bibliografske podrobnosti
Glavni avtor: Finley, Gordon E. (comp.)
Format: Knjiga
Jezik:španščina
Teme:
Oznake: Označite
Brez oznak, prvi označite!

MARC

LEADER 00000nam^a2200000^a^4500
001 000030931
005 20250521000000.0
009 20260310085022.194
020 |a 968-24-0758-3 
037 |a Acervo ITESO - Biblioteca 
041 |a ESP 
082 |a 150.  |b FIN 
100 |a Finley, Gordon E.  |e (comp.) 
245 1 0 |a Avances en Psicología Contemporánea /  |c G.E. Finley (Comps.). 
264 |a México :  |b Trillas,  |c 1979 
300 |a 320 p. 
336 |a texto  |b txt  |2 rdacontenido 
337 |a sin mediación  |b n  |2 rdamedio 
338 |a volumen  |b nc  |2 rdasoporte 
649 |a XX 
650 |a Psicología 
910 |a Fondo General 
920 |a Impresos - Libros 
930 |a Colección General 
905 |a 101 
901 |a 0309310100  |b IT1  |c ACC  |i 030931  |u 20250521 
902 |a https://opac.biblio.iteso.mx/vufind/Record/000030931